00650cam a22002171a 4500001001300000003000400013005001700017008004100034010001700075035001900092040002000111042001200131050002300143100003700166245008400203260004300287300003000330650003100360650002400391999001700415sa 66004140 DLC20260227112240.0820427s1965 ii 000 0 eng  asa 66004140  a(OCoLC)8374298 aDLCcTxU-LdDLC apremarc00aKNS2450b.R35 19651 aRajagopalan, Subrahmanya,d1906-10aAdministrative law /cby S. Rajagopalan. With a foreword by M. Anantanarayanan. aMadras :bVimala Publications,c[1965] axxiv, 3, 339 p. ;c23 cm. 0aAdministrative lawzIndia. 0aAdministrative law. c69251d69251